|
|
|
|
| LEADER |
01954nam a22004815i 4500 |
| 001 |
978-3-540-29726-0 |
| 003 |
DE-He213 |
| 005 |
20151204144838.0 |
| 007 |
cr nn 008mamaa |
| 008 |
100301s2006 gw | s |||| 0|eng d |
| 020 |
|
|
|a 9783540297260
|9 978-3-540-29726-0
|
| 024 |
7 |
|
|a 10.1007/3-540-29726-X
|2 doi
|
| 040 |
|
|
|d GrThAP
|
| 050 |
|
4 |
|a RB1-214
|
| 072 |
|
7 |
|a MMF
|2 bicssc
|
| 072 |
|
7 |
|a MED067000
|2 bisacsh
|
| 082 |
0 |
4 |
|a 616.07
|2 23
|
| 100 |
1 |
|
|a Dallenbach-Hellweg, Gisela.
|e author.
|
| 245 |
1 |
0 |
|a Color Atlas of Histopathology of the Cervix Uteri
|h [electronic resource] /
|c by Gisela Dallenbach-Hellweg, Magnus von Knebel Doeberitz, Marcus J. Trunk.
|
| 250 |
|
|
|a 2.
|
| 264 |
|
1 |
|a Berlin, Heidelberg :
|b Springer Berlin Heidelberg,
|c 2006.
|
| 300 |
|
|
|a XIII, 196 p.
|b online resource.
|
| 336 |
|
|
|a text
|b txt
|2 rdacontent
|
| 337 |
|
|
|a computer
|b c
|2 rdamedia
|
| 338 |
|
|
|a online resource
|b cr
|2 rdacarrier
|
| 347 |
|
|
|a text file
|b PDF
|2 rda
|
| 505 |
0 |
|
|a Screening for Cervical Cancer Precursors to Prevent Invasive Disease -- Methods of Obtaining and Preparing Cervical Tissue for Histological Examination -- Immunohistochemistry and In Situ Hybridization -- Normal Histology, Regeneration, and Repair -- Vestigial and Heterotopic Tissues -- Hormonally Induced Changes -- Inflammatory Lesions -- Benign Tumors -- Premalignant Lesions -- Malignant Tumors.
|
| 650 |
|
0 |
|a Medicine.
|
| 650 |
|
0 |
|a Gynecology.
|
| 650 |
|
0 |
|a Oncology.
|
| 650 |
|
0 |
|a Pathology.
|
| 650 |
1 |
4 |
|a Medicine & Public Health.
|
| 650 |
2 |
4 |
|a Pathology.
|
| 650 |
2 |
4 |
|a Gynecology.
|
| 650 |
2 |
4 |
|a Oncology.
|
| 700 |
1 |
|
|a Knebel Doeberitz, Magnus von.
|e author.
|
| 700 |
1 |
|
|a Trunk, Marcus J.
|e author.
|
| 710 |
2 |
|
|a SpringerLink (Online service)
|
| 773 |
0 |
|
|t Springer eBooks
|
| 776 |
0 |
8 |
|i Printed edition:
|z 9783540251880
|
| 856 |
4 |
0 |
|u http://dx.doi.org/10.1007/3-540-29726-X
|z Full Text via HEAL-Link
|
| 912 |
|
|
|a ZDB-2-SME
|
| 950 |
|
|
|a Medicine (Springer-11650)
|